000 00528nam a22001577a 4500
003 NUST
038 _aNusrat Nadeem
082 _a200
100 _aJaved, Saman
_9130493
245 _aAssessing the Effectiveness of Open-Source Vulnerability Testing Tools for Mobile App Security/
_cSaman Javed,
264 _aIslamabad:
_bSEECS NUST.
_c2025.
650 _aMS- Information Security
_927215
700 _aSupervisor: Dr. Sana Qadir
_996818
856 _u http://10.250.8.41:8080/xmlui/handle/123456789/54357
942 _2ddc
_cSC
999 _c614689
_d614689